书目信息 |
| 题名: |
美国短篇故事精粹
|
|
| 作者: | 许俊农 主编 | |
| 分册: | ||
| 出版信息: | 合肥 安徽科学技术出版社 1997.08 |
|
| 页数: | 216页 | |
| 开本: | 32开 | |
| 丛书名: | ||
| 单 册: | ||
| 中图分类: | H319.4 | |
| 科图分类: | ||
| 主题词: | 英语 | |
| 电子资源: | ||
| ISBN: | 7-5337-1533-0 | |
| 000 | 00563nam0 2200193 45 | |
| 001 | 0009061181 | |
| 005 | 20000906113456.8 | |
| 010 | @a7-5337-1533-0@d8.00元 | |
| 100 | @a20000906d1997 km y0chiy0120 ea | |
| 101 | 0 | @achi |
| 105 | @a z 000yy | |
| 200 | 1 | @a美国短篇故事精粹@AMei Guo Duan Pian Gu Shi Jing Cui@f许俊农主编@FXu Jun Nong Zhu Bian |
| 210 | @a合肥@c安徽科学技术出版社@d1997.08 | |
| 215 | @a216页@d32开 | |
| 606 | 0 | @a英语 |
| 690 | @aH319.4@v3 | |
| 701 | 0 | @a许俊农@4主编 |
| 801 | @aCN@bPftUser@c20000906 | |
| 905 | @a?b122431-440@dH319.4@eX607/2@f10 | |
| 美国短篇故事精粹/许俊农主编.-合肥:安徽科学技术出版社,1997.08 |
| 216页;32开 |
| ISBN 7-5337-1533-0:8.00元 |
| ● |
| 相关链接 |
|
|
|
正题名:美国短篇故事精粹
索取号:H319.4/X607/2
 
预约/预借
| 序号 | 登录号 | 条形码 | 馆藏地/架位号 | 状态 | 备注 |
| 1 | 122431 | 201224317 | 社科二线400B/400B社科库 12排4列1层/ [索取号:H319.4/X607/2] | 在馆 | |
| 2 | 122432 | 201224326 | 语言库209/209语言库 50排1列1层/ [索取号:H319.4/X607/2] | 在馆 | |
| 3 | 122433 | 201224335 | 社科二线400B/400B社科库 12排3列1层/ [索取号:H319.4/X607/2] | 在馆 | |
| 4 | 122434 | 201224344 | 自科二线404/209语言库 50排1列1层/ [索取号:H319.4/X607/2] | 在馆 | |
| 5 | 122435 | 201224353 | 自科二线504/504自科库 28排2列2层/ [索取号:H319.4/X607/2] | 在馆 | |
| 6 | 122436 | 201224362 | 语言库209/209语言库 50排1列1层/ [索取号:H319.4/X607/2] | 在馆 | |
| 7 | 122437 | 201224371 | 社科二线400B/400B社科库 12排4列1层/ [索取号:H319.4/X607/2] | 在馆 | |
| 8 | 122438 | 201224380 | 社科二线400B/400B社科库 12排4列1层/ [索取号:H319.4/X607/2] | 在馆 | |
| 9 | 122439 | 201224399 | 社科二线400B/400B社科库 12排4列1层/ [索取号:H319.4/X607/2] | 在馆 | |
| 10 | 122440 | 201224406 | 自科二线404/209语言库 50排1列1层/ [索取号:H319.4/X607/2] | 在馆 |